[Event "Politiken Cup"]
[Site "Helsingor DEN"]
[Date "2011.08.03"]
[Round "6.61"]
[White "Andersen,Dag"]
[Black "Andersson,C"]
[Result "1/2-1/2"]
[WhiteElo "1885"]
[BlackElo "2134"]

1.d4 d5 2.c4 c6 3.Nf3 Nf6 4.Nc3 e6 5.e3 Bd6 6.Qc2 O-O 7.Be2 Nbd7 8.O-O Re8
9.e4 dxe4 10.Nxe4 Nxe4 11.Qxe4 e5 12.dxe5 Nxe5 13.Qc2 Qf6 14.Be3 Bf5 15.Qb3 Bg4
16.Nd4 Bxe2 17.Nxe2 Ng4 18.g3 Rxe3 19.fxe3 Qh6 20.h4 Bc5 21.Nd4 Nxe3 22.Rf4 Re8
23.Re1 Qd6 24.Qd3 Qe5 25.Kh1 h6 26.Nf5 Qxb2 27.Nxe3 Rxe3 28.Rxe3 Qc1+ 29.Rf1 Qxe3
30.Qxe3 Bxe3 31.Kg2 Kf8 32.a4 Bc5 33.Re1 b6 34.h5 Be7 35.Kf3 Ke8 36.Rd1 Bc5
37.Ke4 Ke7 38.Ke5 Bd6+ 39.Ke4 a6 40.g4 b5 41.axb5 axb5 42.cxb5 cxb5 43.Kd5 Ba3
44.Rf1 b4 45.Kc4 Bb2 46.Kxb4 f6 47.Kc4 Be5 48.Kd5 Bg3 49.Rb1 f5 50.gxf5 Kf6
51.Rg1 Bh2 52.Rg2 Bf4 53.Ke4 Bg5 54.Ra2 Kf7 55.Ra6 Bf6 56.Kd5 Bb2 57.Re6 Bf6
58.Kc6 Bb2 59.Kd7 Kg8 60.Ke8 Bc3 61.Rc6 Bb2 62.Rc8 Bd4 63.Ke7+  1/2-1/2

[Event "15th HZ Open"]
[Site "Vlissingen NED"]
[Date "2011.08.03"]
[Round "6"]
[White "Pavlovic,Milos"]
[Black "Kuipers,S"]
[Result "0-1"]
[WhiteElo "2541"]
[BlackElo "2365"]

1.d4 d5 2.c4 c6 3.Nc3 Nf6 4.e3 e6 5.Nf3 Nbd7 6.Qc2 Bd6 7.Bd3 O-O 8.O-O dxc4
9.Bxc4 a6 10.Bd3 c5 11.Bd2 h6 12.Rfd1 Qe7 13.Rac1 b6 14.Ne4 Nxe4 15.Bxe4 Rb8
16.Bc3 c4 17.b3 cxb3 18.Qxb3 Nf6 19.Bc6 Bd7 20.Ne5 b5 21.Bxd7 Nxd7 22.Nc6 Qh4
23.g3 Qh3 24.d5 Rbe8 25.dxe6 Rxe6 26.Bb4 Bxb4 27.Rxd7 Rxc6  0-1

[Event "29th World Junior Girls"]
[Site "Chennai IND"]
[Date "2011.08.04"]
[Round "3.2"]
[White "Cori T.,D"]
[Black "Semenova,E"]
[Result "1-0"]
[WhiteElo "2376"]
[BlackElo "2175"]

1.d4 d5 2.c4 c6 3.Nc3 Nf6 4.e3 e6 5.Nf3 Nbd7 6.Bd3 Bd6 7.O-O O-O 8.Qc2 h6
9.Rd1 Qe7 10.e4 dxc4 11.Bxc4 e5 12.Nh4 Nb6 13.Ng6 Qc7 14.dxe5 Bxe5 15.Nxe5 Qxe5
16.Be2 Ng4 17.Bxg4 Bxg4 18.f3 Qc5+ 19.Qf2 Qxf2+ 20.Kxf2 Be6 21.Bf4 Rfd8 22.b3 Kf8
23.Bc7 Rxd1 24.Rxd1 Ke8 25.f4 f6 26.f5 Bf7 27.Rd3 Rc8 28.Bf4 Nd7 29.Bd6 g6
30.h4 Rd8 31.Rg3 g5 32.hxg5 hxg5 33.e5 Nxe5 34.Ne4 Kd7 35.Bxe5 fxe5 36.Rxg5 Ke7
37.Rg7 Kf8 38.f6 Rd4 39.Ke3 Bd5 40.Ng5 Rf4 41.Nh7+ Ke8 42.Re7+ Kd8 43.Rxe5 Rf1
44.Ke2 Rf4 45.g3  1-0

[Event "16th Creon Open"]
[Site "Creon FRA"]
[Date "2011.08.04"]
[Round "6.5"]
[White "Ivanov,Jo"]
[Black "Olarasu,G"]
[Result "0-1"]
[WhiteElo "2398"]
[BlackElo "2287"]

1.d4 d5 2.c4 c6 3.Nf3 Nf6 4.e3 e6 5.Nc3 Nbd7 6.Qc2 Bd6 7.Bd2 O-O 8.h3 a6
9.a4 e5 10.cxd5 cxd5 11.dxe5 Nxe5 12.Nd4 Nc6 13.Bd3 Nxd4 14.exd4 Re8+ 15.Kf1 Be6
16.Rd1 Rc8 17.Qb3 h6 18.g3 Qd7 19.Kg2 Ne4 20.Be1 Ng5 21.g4 Bxg4 22.hxg4 Qxg4+
23.Kf1 Rxc3 24.Bxc3 Qf3 25.Kg1 Nh3+ 26.Rxh3 Qxh3 27.f4 Bxf4 28.Bd2 Bh2+  0-1

[Event "Prima Pack Cup GM2"]
[Site "Olomouc CZE"]
[Date "2011.08.04"]
[Round "2"]
[White "Simantsev,M"]
[Black "Stachowiak,K"]
[Result "1-0"]
[WhiteElo "2558"]
[BlackElo "2436"]

1.d4 d5 2.c4 e6 3.Nc3 c6 4.e3 Nf6 5.Nf3 Nbd7 6.Qc2 Bd6 7.Be2 O-O 8.O-O Re8
9.Rd1 Qe7 10.h3 h6 11.a3 b6 12.b4 dxc4 13.Bxc4 Bb7 14.e4 Bc7 15.e5 Nd5 16.Nxd5 cxd5
17.Ba2 Nf8 18.Qd3 Qd7 19.Bb3 Bd8 20.a4 Be7 21.Bd2 Rec8 22.h4 a6 23.h5 Rc7
24.Nh2 Rac8 25.Ng4 Nh7 26.f4 f5 27.Ne3 Qe8 28.Qe2 g5 29.hxg6 Qxg6 30.Qf3 Nf8
31.Kf2 Bc6 32.g4 fxg4 33.Qxg4 Be8 34.Rg1 Kh7 35.f5 exf5 36.Qxg6+ Bxg6 37.Nxd5 Bh4+
38.Ke2 Bh5+ 39.Kd3 Bf3 40.Nxc7 Rxc7 41.Rac1 Be4+ 42.Ke2 Rd7 43.Bg8+ Kh8 44.Rc8  1-0

[Event "Tabor Open"]
[Site "Tabor CZE"]
[Date "2011.08.04"]
[Round "6.15"]
[White "Mojzis,Jar"]
[Black "Pekarkova,E"]
[Result "1-0"]
[WhiteElo "2194"]
[BlackElo "1980"]

1.d4 d5 2.c4 e6 3.Nc3 Nf6 4.Nf3 c6 5.e3 Nbd7 6.Qc2 Bd6 7.Bd3 dxc4 8.Bxc4 Nb6
9.Bd3 Nbd5 10.a3 Nxc3 11.bxc3 Qc7 12.O-O O-O 13.e4 e5 14.dxe5 Bxe5 15.Nxe5 Qxe5
16.f4 Qc5+ 17.Kh1 Ng4 18.h3 Ne3 19.Bxe3 Qxe3 20.e5 h6 21.Rae1 Qc5 22.f5 Re8
23.e6 fxe6 24.f6 gxf6 25.Rxf6 Bd7 26.Ref1 Re7 27.Rxh6 Rf7 28.Rxf7 Kxf7 29.Rh7+  1-0

[Event "50th World Juniors"]
[Site "Chennai IND"]
[Date "2011.08.05"]
[Round "4.59"]
[White "Herman,J"]
[Black "Rodriguez Aleman,E"]
[Result "1-0"]
[WhiteElo "2105"]
[BlackElo "1997"]

1.d4 Nf6 2.c4 e6 3.Nf3 d5 4.Nc3 c6 5.e3 Nbd7 6.Bd3 dxc4 7.Bxc4 b5 8.Bd3 Bb7
9.O-O a6 10.e4 c5 11.d5 c4 12.Bc2 Qc7 13.Nd4 Nc5 14.Qf3 Bd6 15.dxe6 fxe6
16.Qh3 O-O 17.Nxe6 Nxe6 18.Qxe6+ Kh8 19.Qh3 Rae8 20.Be3 Nxe4 21.Rad1 b4 22.Nd5 Qf7
23.f3 Nf6 24.Nxf6 gxf6 25.Rxd6 Rxe3 26.Rxf6 Re2 27.Rxf7 Rxf7 28.Be4  1-0

[Event "50th World Juniors"]
[Site "Chennai IND"]
[Date "2011.08.05"]
[Round "4.25"]
[White "Abhishek,K"]
[Black "Debashis,D"]
[Result "1/2-1/2"]
[WhiteElo "2197"]
[BlackElo "2396"]

1.d4 Nf6 2.c4 c6 3.Nc3 d5 4.Nf3 e6 5.e3 Nbd7 6.Bd3 dxc4 7.Bxc4 b5 8.Bd3 Bd6
9.O-O O-O 10.Bd2 Bb7 11.Rc1 Rc8 12.a3 a5 13.Ne4 Nxe4 14.Bxe4 b4 15.axb4 axb4
16.Qb3 Qb6 17.Ng5 Nf6 18.f3 Rfe8 19.Qc2 g6 20.Kh1 Qb5 21.f4 c5 22.Bxb7 Qxb7
23.Qd3 h6 24.Nf3 Ne4 25.Rc4 Qd5 26.Qe2 b3 27.Rfc1 Ra8 28.dxc5 Nxc5 29.Rd4 Qc6
30.Bb4 Rec8 31.Rdc4 Qa6 32.Qd1 Rd8 33.Bxc5 Bxc5 34.Qxb3  1/2-1/2

[Event "Olomouc FIDE Open"]
[Site "Olomouc CZE"]
[Date "2011.08.05"]
[Round "2.2"]
[White "Szymanski,M"]
[Black "Navratil,Ji3"]
[Result "1-0"]
[WhiteElo "2410"]
[BlackElo "2043"]

1.d4 d5 2.c4 c6 3.e3 Nf6 4.Nc3 e6 5.Nf3 Nbd7 6.Bd3 dxc4 7.Bxc4 b5 8.Bd3 Bb7
9.e4 b4 10.Na4 c5 11.e5 Nd5 12.Ng5 Be7 13.Qh5 g6 14.Qh6 cxd4 15.Qg7 Rf8 16.Nxh7 Qa5
17.b3 Nc3 18.O-O Qxe5 19.Qxe5 Nxe5 20.Nxc3 Rh8 21.Bb5+ Nc6 22.Ne2 Rxh7 23.Nxd4 Bf6
24.Nxc6 Bxa1 25.Na5+ Kd8 26.Nxb7+ Kc7 27.Nc5 Kb6 28.Be2 Rah8 29.Na4+ Kc6
30.h3 Bd4 31.Bd2 a5 32.Rc1+ Kd6 33.Bf3 Rd8 34.a3 bxa3 35.Bxa5 a2 36.Bxd8 Rh8
37.Bb6 Rc8 38.Rd1 a1=Q 39.Rxa1 Bxa1 40.g3 Rc1+ 41.Kg2 Rb1 42.b4 e5 43.Be4 Rb3
44.Bc5+ Kc7 45.Bc2 Ra3 46.b5 Ra2 47.b6+ Kc8 48.Be4  1-0

[Event "Valoz Cup GM1"]
[Site "Olomouc CZE"]
[Date "2011.08.05"]
[Round "3"]
[White "Dobrowolski,P"]
[Black "Bures,J"]
[Result "1-0"]
[WhiteElo "2423"]
[BlackElo "2380"]

1.d4 d5 2.c4 c6 3.Nf3 Nf6 4.Nc3 e6 5.e3 Nbd7 6.Qc2 Bd6 7.Bd3 O-O 8.O-O dxc4
9.Bxc4 e5 10.Bb3 Qc7 11.h3 exd4 12.exd4 Nb6 13.Re1 Nbd5 14.Nxd5 Nxd5 15.Bd2 h6
16.Qd3 Be6 17.Ne5 Nb4 18.Bxb4 Bxb4 19.Bc2 g6 20.Nxg6 Bxe1 21.Rxe1 Rfe8 22.Ne5 f6
23.Ng4 Bf5 24.Rxe8+ Rxe8 25.Nxf6+ Kf7 26.Nxe8 Bxd3 27.Nxc7 Bxc2 28.d5 Bd3
29.d6 Bf5 30.g4 Bd7 31.Kg2 c5 32.Kf3 Kf6 33.Kf4 Bc6 34.h4 c4 35.g5+ hxg5+
36.hxg5+  1-0

[Event "Split Open"]
[Site "Split CRO"]
[Date "2011.08.05"]
[Round "1.5"]
[White "Cvitan,O"]
[Black "Miskovic,Bo"]
[Result "1-0"]
[WhiteElo "2501"]
[BlackElo "2007"]

1.d4 d5 2.c4 c6 3.Nf3 Nf6 4.Nc3 e6 5.e3 Be7 6.Bd3 b6 7.O-O O-O 8.e4 dxe4
9.Nxe4 Nxe4 10.Bxe4 Bb7 11.Bf4 Nd7 12.Qe2 Re8 13.Rad1 Qc8 14.Bc2 Bf6 15.Ng5 Bxg5
16.Bxg5 Nf8 17.Qg4 Qc7 18.Rfe1 Ba6 19.b3 Bb7 20.h4 f5 21.Qf4 Qxf4 22.Bxf4 Ng6
23.Bg3 Rad8 24.h5 Nf8 25.a4 g6 26.hxg6 hxg6 27.b4 Kf7 28.Bb3 Nh7 29.f3 Nf6
30.Be5 Nd7 31.Bc7 Rc8 32.Bf4 Kf6 33.Kf2 g5 34.Bc1 Rcd8 35.Bb2 Kf7 36.Re2 Nf6
37.Rde1 Bc8 38.b5 Bd7 39.Re5 g4 40.bxc6 Bxc6 41.d5  1-0

[Event "Split Open"]
[Site "Split CRO"]
[Date "2011.08.05"]
[Round "1.9"]
[White "Smirnov,Arte"]
[Black "Kostovic,D"]
[Result "1-0"]
[WhiteElo "2440"]
[BlackElo "1981"]

1.d4 d5 2.c4 c6 3.Nf3 Nf6 4.Nc3 e6 5.e3 Nbd7 6.Qc2 Bd6 7.Bd3 O-O 8.O-O dxc4
9.Bxc4 e5 10.Bb3 Qe7 11.h3 h6 12.Nh4 Qd8 13.Rd1 exd4 14.exd4 Nb6 15.Nf5 Nbd5
16.Re1 Be6 17.a3 Qd7 18.Nxd6 Qxd6 19.Bd2 Rfe8 20.Re5 Nc7 21.Be3 Nd7 22.Rh5 Bxb3
23.Qxb3 Nb6 24.Rc1 Rab8 25.Ra5 Ra8 26.a4 Ncd5 27.Nxd5 cxd5 28.Rac5 Nc4 29.Qxb7 Nxe3
30.fxe3 Qg3 31.Rf1 Qxe3+ 32.Kh1 Qxd4 33.Rxd5 Qxa4 34.Rxf7 Kh8 35.Rxg7 Re1+  1-0

[Event "15th HZ Open"]
[Site "Vlissingen NED"]
[Date "2011.08.05"]
[Round "8"]
[White "Bezemer,A"]
[Black "Meurs,T"]
[Result "0-1"]
[WhiteElo "2348"]
[BlackElo "2217"]

1.d4 d5 2.c4 c6 3.Nf3 Nf6 4.Nc3 e6 5.e3 Nbd7 6.Qc2 Bd6 7.Bd3 O-O 8.O-O dxc4
9.Bxc4 e5 10.Rd1 Qe7 11.e4 exd4 12.Nxd4 Nb6 13.Be2 h6 14.a4 a5 15.Be3 Bc7
16.h3 Be6 17.Nb3 Bxb3 18.Qxb3 Nxe4 19.Nxe4 Qxe4 20.Bxb6 Bxb6 21.Qxb6 Qxe2
22.Qxb7 Rab8 23.Qxc6 Rxb2 24.Qc5 Rc2 25.Qa7 Rfc8 26.Rd5 Qe4 27.Rad1 Kh7 28.Qxa5 R8c6
29.Qa7  0-1

[Event "37th Badalona Open A"]
[Site "Badalona ESP"]
[Date "2011.08.06"]
[Round "6"]
[White "Cruz,F"]
[Black "Delgado Ramos,H"]
[Result "1-0"]
[WhiteElo "2406"]
[BlackElo "2488"]

1.d4 d5 2.c4 c6 3.Nc3 Nf6 4.e3 e6 5.Nf3 Nbd7 6.Bd3 dxc4 7.Bxc4 b5 8.Bd3 a6
9.e4 c5 10.e5 cxd4 11.Nxb5 axb5 12.exf6 gxf6 13.O-O Qb6 14.Be4 Bb7 15.Bxb7 Qxb7
16.Re1 Rg8 17.Bf4 Qd5 18.Qd3 f5 19.a3 Bc5 20.g3 Ke7 21.Ne5 Bb6 22.Rad1 Nxe5
23.Rxe5 Qc4 24.Rxb5 Qxd3 25.Rxd3  1-0

[Event "50th World Juniors"]
[Site "Chennai IND"]
[Date "2011.08.06"]
[Round "5.39"]
[White "Krysa,L"]
[Black "Bukhalaf,Khalil"]
[Result "1-0"]
[WhiteElo "2374"]
[BlackElo "2004"]

1.d4 c6 2.c4 d5 3.Nf3 Nf6 4.Nc3 e6 5.e3 Nbd7 6.Qc2 Bd6 7.b3 Qe7 8.Be2 O-O
9.O-O Re8 10.Bb2 e5 11.cxd5 cxd5 12.Nb5 e4 13.Nxd6 Qxd6 14.Ne5 Qe7 15.Rfd1 Rd8
16.Qc7 Ne8 17.Qa5 Nxe5 18.dxe5 b6 19.Qa4 Be6 20.Rac1 a6 21.Ba3 Qb7 22.Rc2 b5
23.Qb4 Nc7 24.Rdc1 Rac8 25.Qe7 Rd7 26.Qc5 Rdd8 27.Qc6 Qa7 28.Bc5 Qb8 29.Bd6 Rd7
30.Qxa6 Nxa6 31.Rxc8+ Rd8 32.Rxb8 Nxb8 33.Bxb5 Nd7 34.a4 f6 35.exf6 gxf6
36.Rc7 Ne5 37.Be7 Rb8 38.Bxf6 Nd3 39.Bd4 h5 40.f4 Bf7 41.Ba7 Ra8 42.Bc6 Rd8  1-0

[Event "Politiken Cup"]
[Site "Helsingor DEN"]
[Date "2011.08.06"]
[Round "9.21"]
[White "Matthiesen,M"]
[Black "Andersen,Mad"]
[Result "1/2-1/2"]
[WhiteElo "2251"]
[BlackElo "2422"]

1.c4 c6 2.d4 d5 3.Nc3 Nf6 4.Nf3 e6 5.e3 Nbd7 6.Qc2 Bd6 7.Bd3 O-O 8.O-O dxc4
9.Bxc4 a6 10.Rd1 b5 11.Be2 Qc7 12.h3 c5 13.dxc5 Bxc5 14.Bd3 Be7 15.Ne4 Qxc2
16.Nxf6+ Bxf6 17.Bxc2 Nc5 18.Rb1 Bb7 19.Bd2 Ne4 20.Ba5 Rfc8 21.Rdc1 Bd5 22.Nd4 Nc5
23.b3 Ne4 24.Ne2 g6 25.Bd3 Nc5 26.Bc2 Nb7 27.Bd2 Be7 28.Bd1 Be4 29.Rxc8+ Rxc8
30.Rc1 Rd8 31.Nd4 Ba3 32.Rc7 e5 33.Bf3 Nc5 34.b4 Bxf3 35.gxf3 Nd3 36.Nc6 Rd6
37.Bc3  1/2-1/2

[Event "Prima Pack Cup GM2"]
[Site "Olomouc CZE"]
[Date "2011.08.06"]
[Round "4"]
[White "Gavrilov,Al1"]
[Black "Stachowiak,K"]
[Result "1-0"]
[WhiteElo "2481"]
[BlackElo "2436"]

1.d4 d5 2.c4 e6 3.Nc3 c6 4.e3 Nf6 5.Nf3 Nbd7 6.Qc2 Bd6 7.Bd3 O-O 8.O-O dxc4
9.Bxc4 a6 10.Rd1 b5 11.Bd3 Qc7 12.Bd2 c5 13.dxc5 Nxc5 14.Bxb5 Bb7 15.Be2 Ng4
16.h3 Bh2+ 17.Kf1 Nxf2 18.Kxf2 f5 19.Rac1 Rac8 20.Kf1 Qb8 21.Be1 Be4 22.Qd2 Bb7
23.Qd4 Ne4 24.Bc4 Rf6 25.Ne2 Rg6 26.Bb3 Rf8 27.Qd7 Nf6 28.Qxe6+ Kh8 29.Qc4 Ng4
30.Bf2 Ne5 31.Nxe5 Bxg2+ 32.Ke1 Bxe5 33.Nf4 Rc6 34.Qa4 Rfc8 35.Rxc6 Bxc6
36.Ng6+  1-0

[Event "1st Radzikowskiej Mem"]
[Site "Warsaw POL"]
[Date "2011.08.06"]
[Round "1"]
[White "Foisor,M"]
[Black "Sharevich,A"]
[Result "0-1"]
[WhiteElo "2217"]
[BlackElo "2344"]

1.d4 d5 2.c4 e6 3.Nc3 Nf6 4.Nf3 c6 5.e3 Bd6 6.Qc2 O-O 7.Be2 Nbd7 8.O-O Qe7
9.e4 dxe4 10.Nxe4 Nxe4 11.Qxe4 e5 12.Bg5 f6 13.Bd3 g6 14.c5 Bc7 15.Bh6 Re8
16.Bc4+ Kh8 17.Rfe1 f5 18.Qc2 e4 19.Ng5 Nf6 20.Nf7+ Kg8 21.Nd6+ Be6 22.Nxe8 Rxe8
23.Bxe6+ Qxe6 24.Qd2 Nd5 25.g3 f4 26.f3 e3 27.Qg2 Qf6 28.gxf4 Bxf4 29.Bxf4 Nxf4
30.Qg4 e2 31.Kh1 Nd3 32.Kg2 h5 33.Qg3  0-1

[Event "Pays de Charleroi Open"]
[Site "Charleroi BEL"]
[Date "2011.08.07"]
[Round "9"]
[White "Uhoda,P"]
[Black "Mabille,N"]
[Result "1-0"]
[WhiteElo "2100"]
[BlackElo "1828"]

1.d4 d5 2.c4 c6 3.Nf3 Nf6 4.Nc3 e6 5.e3 Be7 6.Bd3 O-O 7.e4 dxc4 8.Bxc4 b5
9.Bd3 Bb7 10.e5 Nd5 11.Nxd5 Qxd5 12.Qc2 h6 13.Bh7+ Kh8 14.Be4 Qd7 15.Be3 Na6
16.a3 Rfc8 17.b4 Nc7 18.Qd2 Bf8 19.O-O Nd5 20.Rfc1 Nxe3 21.fxe3 Be7 22.Rc2 Bd8
23.Ne1 a5 24.Rac1 axb4 25.axb4 Ra4 26.Nd3 Be7 27.Nc5 Bxc5 28.Rxc5 Qe7 29.Bc2 Ra3
30.Be4 Ra4 31.Qe1 Rca8 32.h4 R8a6 33.Bf3 g5 34.hxg5 Qxg5 35.Be4 Ra3 36.R5c3 Kg7
37.Bf3 Kg8 38.Kh2 Kg7 39.Qg3 R6a4 40.Rxa3 Rxa3 41.Qxg5+ hxg5 42.Bh5 Rxe3
43.Rf1 f5 44.exf6+ Kf8 45.Ra1 Re4 46.Kg3 Rxd4 47.Ra7 Rd7 48.Kg4 e5 49.Kxg5 e4
50.Kf4 c5 51.bxc5 b4 52.Ra4 e3 53.Rxb4 e2 54.Bxe2 Bxg2 55.Bh5 Rd8 56.Ra4 Rc8
57.Rd4 Bh1 58.Rd1 Bg2 59.Rc1  1-0

[Event "Politiken Cup"]
[Site "Helsingor DEN"]
[Date "2011.08.07"]
[Round "10.86"]
[White "Andersen,Troels Baekgaard"]
[Black "Brobakken,Geir"]
[Result "1/2-1/2"]
[WhiteElo "1620"]
[BlackElo "1966"]

1.d4 Nf6 2.Nf3 d5 3.c4 e6 4.Nc3 c6 5.e3 Bd6 6.Bd3 Nbd7 7.Qc2 O-O 8.O-O Re8
9.Bd2 Nf8 10.Rac1 Ng6 11.a3 a5 12.c5 Bc7 13.b4 axb4 14.axb4 e5 15.Bxg6 hxg6
16.dxe5 Ng4 17.Ne2 Nxe5 18.Nxe5 Bxe5 19.Bc3 Qh4 20.Ng3 Bc7 21.Qb2 f6 22.Ra1 Rxa1
23.Rxa1 Kf7 24.Ra8 Qc4 25.Bd4 Be5 26.Ne2 Qd3 27.Ra1 Bc7 28.Nc3 Rh8 29.g3 Qf5
30.Qe2 Qh3 31.f4 Bg4 32.Qg2 Rh5 33.Ra7 Bc8 34.Qe2  1/2-1/2

[Event "7th Gazi-Heraklion Open"]
[Site "Heraklion GER"]
[Date "2011.08.07"]
[Round "2"]
[White "Pappas,K"]
[Black "Kounalakis,E"]
[Result "0-1"]
[WhiteElo "2054"]
[BlackElo "2196"]

1.Nf3 d5 2.d4 Nf6 3.c4 c6 4.Nc3 e6 5.e3 Nbd7 6.Bd3 dxc4 7.Bxc4 b5 8.Bd3 Bb7
9.O-O a6 10.e4 c5 11.d5 c4 12.Bc2 Qc7 13.a3 Be7 14.Nd4 Nc5 15.Qf3 Rd8 16.Bf4 e5
17.Bg3 g6 18.Rac1 Nh5 19.Nde2 O-O 20.Qe3 Bc8 21.Kh1 Rde8 22.f4 exf4 23.Nxf4 Nxg3+
24.Qxg3 Bd6 25.Qf3 f5 26.exf5 Bxf5 27.Bxf5 Rxf5 28.g3 Nd3 29.Rc2 Bxf4  0-1

[Event "Arad Open A"]
[Site "Arad ROU"]
[Date "2011.08.08"]
[Round "5"]
[White "Manolache,M"]
[Black "Miron,L"]
[Result "1/2-1/2"]
[WhiteElo "2533"]
[BlackElo "2506"]

1.d4 d5 2.c4 e6 3.Nf3 Nf6 4.Nc3 c6 5.e3 Nbd7 6.Qc2 Bd6 7.g4 h6 8.h3 dxc4
9.e4 Be7 10.Rg1 b5 11.h4 Nh7 12.Be3 Bb7 13.O-O-O Qa5 14.Bd2 Qb6 15.Bf4 O-O-O
16.Bh3 g5 17.Be3 Qa5 18.Rge1 f6 19.h5 e5 20.Bf1 Nhf8 21.d5 Nb6 22.a3 c5 23.Ne2 Kb8
24.Ng3 Bc8 25.Nh2 Bd6 26.Kb1 Rh7 27.Bd2 Qa4 28.Qxa4 Nxa4 29.Rc1 Rb7 30.Nf5 Bxf5
31.gxf5 Nd7 32.Ng4 Bf8 33.Ba5 Rc8 34.Be2 a6 35.Bd1 Nab6 36.Kc2 Na8 37.Kd2 Nc7
38.Ke3 Ne8 39.Be2 Nd6 40.f3 Ka7 41.Kf2 Rbb8 42.Rc2 Nb7 43.Bd2 Kb6 44.Ra1 Na5
45.Bxa5+ Kxa5 46.a4 Kb6 47.Ne3 Ra8 48.Rc3 Kb7 49.Rca3 Nb6 50.axb5 axb5 51.Ra5 Rcb8
52.R1a3 b4 53.Rxa8 Rxa8 54.Rxa8 Kxa8 55.Bxc4 Kb7 56.Bb5 Kc7 57.Ba6 Kd6 58.Ke2 Kc7
59.Kd3 Kd6 60.Bb5 Kc7 61.Ng4 Bg7 62.Ne3 Bf8 63.Nf1 Kd6 64.Nd2 Kc7 65.Nb3 Nc8
66.Bc6 Kb6 67.Nd2 Nd6 68.Nc4+ Nxc4 69.Kxc4 Bd6  1/2-1/2

[Event "20th ZMDI Open A"]
[Site "Dresden GER"]
[Date "2011.08.08"]
[Round "3.20"]
[White "Strunski,A"]
[Black "Kartsev,A2"]
[Result "0-1"]
[WhiteElo "2352"]
[BlackElo "2196"]

1.d4 d5 2.c4 c6 3.Nc3 Nf6 4.Nf3 e6 5.e3 Nbd7 6.Qc2 Bd6 7.e4 Nxe4 8.Nxe4 dxe4
9.Qxe4 Bb4+ 10.Bd2 Bxd2+ 11.Nxd2 O-O 12.O-O-O Qc7 13.Bd3 Nf6 14.Qh4 b5 15.c5 e5
16.Ne4 Nd5 17.Nd6 f5 18.dxe5 Qa5 19.a3 Be6 20.Qd4 Rab8 21.f4 b4 22.Nc4 Qa4
23.Bc2 Qa6 24.Rd3 Nxf4 25.Qxf4 Bxc4 26.Rd4 bxa3 27.Rxc4 a2 28.Kd2 a1=Q 29.Rxa1 Qxa1
30.e6 Rbd8+ 31.Rd4 Qa5+ 32.Ke2 Qxc5 33.Bb3 Kh8 34.Rc4 Qd5 35.Rc3 Qxg2+ 36.Qf2 Rd2+  0-1

[Event "Sakkozo Magyarok World Meeting"]
[Site "Lakitelek HUN"]
[Date "2011.08.08"]
[Round "4.15"]
[White "Lorincz,R"]
[Black "Follert,I"]
[Result "0-1"]
[WhiteElo "1767"]
[BlackElo "2021"]

1.d4 d5 2.c4 c6 3.e3 Nf6 4.Nc3 e6 5.Nf3 Nbd7 6.Bd3 Bd6 7.O-O O-O 8.b3 e5
9.cxd5 Nxd5 10.Bb2 Nb4 11.Be2 exd4 12.Nxd4 Nf6 13.e4 a5 14.Kh1 Be5 15.Nf3 Bxc3
16.Bxc3 Nxe4 17.Bxb4 axb4 18.Qc2 Bf5 19.Qc4 Nd2 20.Nxd2 Qxd2 21.Rfd1 Qb2
22.Bf3 Rxa2 23.Rxa2 Qxa2 24.Qxb4 Bc2 25.Re1 Qxb3  0-1

[Event "9th ch-EU Youth U14"]
[Site "Mureck AUT"]
[Date "2011.08.08"]
[Round "6"]
[White "Stremavicius,T"]
[Black "Ladva,O"]
[Result "1-0"]
[WhiteElo "2094"]
[BlackElo "2037"]

1.c4 c6 2.Nf3 d5 3.d4 Nf6 4.e3 e6 5.Nc3 Nbd7 6.Qc2 Bd6 7.Bd3 O-O 8.O-O h6
9.Rd1 Qe7 10.e4 dxe4 11.Nxe4 Nxe4 12.Bxe4 c5 13.b3 f5 14.Bd3 cxd4 15.Nxd4 Nc5
16.Bb2 b6 17.Re1 Qc7 18.h3 a6 19.Rad1 Bh2+ 20.Kh1 Bf4 21.Bf1 e5 22.Ne2 Ne4
23.Nxf4 exf4 24.f3 Ng3+ 25.Kg1 Bb7 26.Be5 Qc6 27.Bxf4 Nxf1 28.Kxf1 Rae8 29.Rxe8 Qxe8
30.Qe2 Qxe2+ 31.Kxe2 Re8+ 32.Kf2 Kf7 33.h4 Bc6 34.a4 Re7 35.Rc1 Kf6 36.Be3 Bb7
37.g4 fxg4 38.fxg4 Ke5 39.Re1 Rf7+ 40.Kg1 Ke4 41.Bxb6+ Kf4 42.Bf2 Bf3 43.b4 Kxg4
44.Re6 g5 45.Rxa6 Rd7 46.Re6 gxh4 47.Be1 h3 48.Rxh6 Rd4 49.Rh4+  1-0

[Event "7th Gazi-Heraklion Open"]
[Site "Heraklion GER"]
[Date "2011.08.09"]
[Round "5"]
[White "Stavrianakis,I"]
[Black "Pappas,K"]
[Result "1-0"]
[WhiteElo "2270"]
[BlackElo "2054"]

1.d4 d5 2.c4 c6 3.Nc3 Nf6 4.Nf3 e6 5.e3 Nbd7 6.Qc2 Bd6 7.a3 O-O 8.Be2 dxc4
9.Bxc4 e5 10.O-O Qe7 11.Rd1 b5 12.Bd3 Bb7 13.e4 a6 14.a4 Rac8 15.Ne2 c5 16.dxe5 Nxe5
17.Nxe5 Bxe5 18.f4 Bd4+ 19.Nxd4 cxd4 20.Qe2 Nxe4 21.axb5 axb5 22.Ra7 f5 23.Bxb5 Qc5
24.Rxb7 Qxc1 25.g3 Qc5 26.Bd3 Rfe8 27.Qh5 Nd6 28.Rd7 Qb4 29.Qg5 Re1+ 30.Rxe1 Qxe1+
31.Kg2 Ne8 32.Bxf5 Rc1 33.Kh3 Qf1+ 34.Kh4 Qf2 35.Be6+ Kh8 36.Qe7  1-0

[Event "22nd ch-NATO"]
[Site "Kaunas LTU"]
[Date "2011.08.09"]
[Round "2.20"]
[White "Giua,F"]
[Black "Adkins,J"]
[Result "1-0"]
[WhiteElo "2235"]
[BlackElo "2016"]

1.Nf3 Nf6 2.d4 d5 3.c4 c6 4.Nc3 e6 5.e3 Be7 6.b3 O-O 7.Bd3 Nbd7 8.O-O b6
9.Qc2 Bb7 10.Ne5 Rc8 11.Bb2 c5 12.Rad1 cxd4 13.exd4 g6 14.Qe2 Re8 15.Rfe1 Bf8
16.cxd5 Nxd5 17.Nxd5 Bxd5 18.Bb5 Qg5 19.f4 Qf5 20.Bd3  1-0

[Event "22nd ch-NATO"]
[Site "Kaunas LTU"]
[Date "2011.08.09"]
[Round "3.26"]
[White "Ledoux,J"]
[Black "Voroblievas,A"]
[Result "1-0"]
[WhiteElo "2074"]
[BlackElo "1857"]

1.d4 d5 2.c4 c6 3.Nf3 Nf6 4.e3 e6 5.Nc3 Nbd7 6.Bd3 dxc4 7.Bxc4 b5 8.Bb3 b4
9.Ne2 Ba6 10.O-O Bd6 11.Re1 O-O 12.Ng3 c5 13.e4 Bxg3 14.hxg3 Rc8 15.e5 Nd5
16.Re4 Bb7 17.Rh4 cxd4 18.Bc2 f5 19.exf6 N5xf6 20.Ng5 Qb6 21.Bxh7+ Nxh7 22.Nxh7 Rf5
23.Qxd4 Qxd4 24.Rxd4 Nb6 25.Ng5 Rxc1+ 26.Rxc1 Rxg5 27.Rxb4 Bd5 28.Rc7 Re5
29.Rxa7 Re1+ 30.Kh2 Nc4 31.a4 Re2 32.Rc7 Nxb2 33.Rg4 Rxf2 34.Rgxg7+ Kf8 35.Rh7 Kg8
36.Rcg7+ Kf8 37.Ra7 Kg8 38.Rhg7+ Kf8 39.Rgc7 Kg8 40.Rc8+ Rf8 41.Rxf8+ Kxf8
42.a5 Nd3 43.Rc7 Nb4 44.Kg1 Kg8 45.Kf2 Kf8 46.g4 Na6 47.Rh7 Kg8 48.Ra7 Nc5
49.g3 Nb3 50.Ke3 Nxa5 51.Rxa5 Kf7 52.Kf4 Kf6 53.Ra6 Bc4 54.Rc6 Bd5 55.Rb6 Bc4
56.g5+ Kg6 57.Rc6 Bd5 58.Rc8 Bb3 59.Rb8 Bc4 60.Re8 Bd5  1-0

[Event "29th World Junior Girls"]
[Site "Chennai IND"]
[Date "2011.08.10"]
[Round "8.25"]
[White "Mahalakshmi,M"]
[Black "Forestier,C"]
[Result "0-1"]
[WhiteElo "1901"]
[BlackElo "2101"]

1.d4 d5 2.c4 c6 3.Nc3 Nf6 4.Nf3 e6 5.e3 a6 6.b3 Bb4 7.Bd2 O-O 8.Bd3 Nbd7
9.O-O Bd6 10.e4 e5 11.exd5 cxd5 12.cxd5 exd4 13.Nxd4 Ne5 14.Be2 Bb8 15.Bg5 Qd6
16.Bxf6 Ng4 17.g3 Nxf6 18.Bf3 Ba7 19.Qd3 Bh3 20.Rfe1 Ng4 21.Ne4 Qg6 22.Bxg4 Bxg4
23.Ne2 Rfe8 24.Nf4 Qb6 25.Qd2 h6 26.Kg2 Rac8 27.f3 Bf5 28.Re2 Red8 29.Qb2 Bb8
30.Qd2 Qb5 31.Rae1 Be5 32.h4 Bxe4 33.fxe4 Bc3 34.Qd1 Bxe1 35.Qxe1 Qc5 36.Qf1 Qc1
37.Qf3 Qd1 38.Kh3 Rc2 39.a4 Rxe2 40.Nxe2 Rc8 41.e5 Re8 42.Qe4 Qf1+ 43.Kh2 Qf2+
44.Kh3 Qf1+ 45.Kh2 Qf6 46.exf6 Rxe4 47.Nf4 g5 48.hxg5 hxg5 49.Nh3 Re5 50.d6 Rd5
51.d7 Rd2+ 52.Kg1 Rxd7 53.Nxg5 Rd3 54.Ne4 Rxb3 55.Nc5 Rb2 56.a5 Rb5  0-1

[Event "20th ZMDI Open A"]
[Site "Dresden GER"]
[Date "2011.08.10"]
[Round "5.18"]
[White "Lorscheid,G"]
[Black "Das,Arg"]
[Result "1/2-1/2"]
[WhiteElo "2265"]
[BlackElo "2471"]

1.d4 d5 2.c4 e6 3.Nc3 c6 4.e3 Nf6 5.Nf3 Nbd7 6.Bd3 dxc4 7.Bxc4 b5 8.Bd3 a6
9.e4 c5 10.d5 Bb7 11.O-O c4 12.Bc2 Qc7 13.dxe6 fxe6 14.Ne2 e5 15.Ng3 g6 16.Qe2 Nc5
17.a4 Rb8 18.axb5 axb5 19.Bd2 Bd6 20.Rab1 Ne6 21.b3 O-O 22.bxc4 bxc4 23.Bc3 Nf4
24.Qd2 Ba6 25.Ra1 Bb5 26.Rfd1 Nd3 27.Bxd3 cxd3 28.Rac1 Qe7 29.Qg5 Nd7 30.Qxe7 Bxe7
31.Nxe5 Nxe5 32.Bxe5 Rbd8 33.Rc7 Kf7 34.Bc3 Rc8 35.Rxe7+ Kxe7 36.Bb4+ Ke6
37.Bxf8 Rxf8 38.f3 Re8 39.Rd2 Ke5 40.Kf2 Kd4 41.Ne2+ Kc4 42.Nf4 Kd4 43.Ne2+ Kc4
44.Nf4 Kd4  1/2-1/2

[Event "24th Panevezys Open"]
[Site "Panevezys LTU"]
[Date "2011.08.10"]
[Round "3.10"]
[White "Zebelis,R"]
[Black "Vaitonis,V"]
[Result "1/2-1/2"]
[WhiteElo "1888"]
[BlackElo "2013"]

1.d4 d5 2.Nf3 Nf6 3.c4 c6 4.Nc3 e6 5.e3 Nbd7 6.Bd3 dxc4 7.Bxc4 b5 8.Bd3 a6
9.O-O Bb7 10.e4 c5 11.d5 c4 12.dxe6  1/2-1/2

[Event "23rd Jirasek Mem OpA"]
[Site "Rakovnik CZE"]
[Date "2011.08.10"]
[Round "6"]
[White "Hruska,Jan"]
[Black "Cozl,D"]
[Result "1/2-1/2"]
[WhiteElo "2048"]
[BlackElo "1982"]

1.c4 c6 2.Nc3 Nf6 3.d4 d5 4.e3 e6 5.Nf3 Nbd7 6.Bd3 dxc4 7.Bxc4 Be7 8.O-O O-O
9.a3 c5 10.dxc5 Nxc5 11.b4 Nce4 12.Nxe4 Nxe4 13.Bb2 b6 14.Qe2 Bf6 15.Rfd1 Qe7
16.Nd4 Bb7 17.Rac1 Rac8 18.f3 Nd6 19.Bd3 Rfd8 20.Bb1 a6 21.a4 b5 22.Rxc8 Rxc8
23.axb5 Bxd4 24.bxa6 Bxa6 25.Qxa6 Bxb2 26.Qxd6 Qxd6 27.Rxd6 Rb8 28.b5 Ba3
29.Ra6 Bc5 30.Bd3 Bxe3+ 31.Kf1 Bb6 32.Ke2 h6 33.Be4 Kf8 34.h4 Ke7 35.g4 Kd6
36.Ra2 Ke5 37.Ra4 Bd8 38.Bc6 Bxh4 39.Ra7 Kf6 40.Ra6 Bg3 41.b6 Bf4 42.b7 g6
43.Ra5 Bc7 44.Rb5 Bf4 45.Bd7 Ke7 46.Bc8 Kd8 47.Rb4 Bd6 48.Rc4 Ke7 49.Ke3 Kf6
50.Rc6 Ke5 51.Rc1 f5 52.Rc4 Kd5 53.Ra4 Bc5+ 54.Ke2 Bd6 55.Kd3 Bc7 56.Rc4 Bb6
57.Ra4 Kd6 58.Ke2 Kc7 59.Rc4+ Kd6 60.Kd3 e5 61.Ke2 e4 62.gxf5 exf3+ 63.Kxf3 gxf5
64.Kf4 Bf2 65.Kxf5 h5 66.Rc2 Bg3 67.Ke4 h4 68.Rc3 Bh2 69.Rc2  1/2-1/2